000 01353nam a22003617a 4500
003 CHAP
005 20220329143707.0
008 110204s2006 mx r 00010 spa d
010 _a100446
011 _a101418
035 _a112106
040 _cCHAP
090 _aTesis
100 1 _aVelázquez López, Olinda Elizabeth.
_9118561
245 1 0 _aAislamiento de cepas nativas de hongos entomopatógenos de gallina ciega (Coleoptera: melolonthidae) en los altos de Chiapas
_c/por Olinda Elizabeth Velázquez López
260 _aComitán de Domínguez, Chiapas, Méx. :
_bEl autor,
_c2006
300 _aix, 80 h. :
_cilus., cuadros, gráfs.
502 _aTesis (Ing. Agr. Esp. en Fitotecnia) -- SEP. Instituto Tecnológico de Comitán
590 _aALEPH
_b10
_c20130110
_lUCH01
_h1539
590 _aBATCH-UPD
_b10
_c20130110
_lUCH01
_h0920
590 _aBATCH-UPD
_b10
_c20130410
_lUCH01
_h0542
590 _aBATCH-UPD
_b10
_c20130914
_lUCH01
_h1007
590 _aCONVERSION
_b10
_c20130109
_lUCH01
_h1355
650 1 4 _aColeópteros
_xVariedades.
_925125
650 1 4 _aHongos patógenos.
_956136
650 1 4 _aInsectos
_xLarvas.
_958932
650 1 4 _aMaíz
_zChiapas.
_971091
650 1 4 _aSeparación.
_9104461
901 _aBK
911 _aen proceso
942 _cTESIS
949 _aTesis
_bBC
_cTES
_d33724002233157
_eTS1
_gDonaciØn
_h51924
_i112106
_sb
999 _c100446
_d100446